| 000 | 00358nam a22001577a 4500 | ||
|---|---|---|---|
| 003 | SGT | ||
| 082 |
_a615 _bE23G |
||
| 100 | _aGOYAL, RAMESH.K,ed. | ||
| 245 | _aELEMENTS OF PHARMACOLOGY | ||
| 250 | _a26TH | ||
| 260 |
_aAHMEDABAD _bBS.SHAH PRAKASHAN _c2023 |
||
| 300 | _a612 | ||
| 650 | _aPHARMACOLOGY | ||
| 653 | _aELEMENTS, PHARMACOLOGY | ||
| 942 |
_2ddc _cBK |
||
| 999 |
_c26396 _d26396 |
||